000 01379namaa22003251i 4500
005 20260519111057.0
008 260519s1994 ua a|||frm||| 000 0 eng d
040 _aEG-GICUC
_beng
_cEG-GICUC
_dEG-GICUC
_erda
041 0 _aeng
_beng
_bara
049 _aDeposite
097 _aM.Sc
099 _aCai01.12.07.M.Sc.1994.En.M.
100 0 _aEnas Mohamed Ali Abou Taleb,
_epreparation.
245 1 0 _aManagement Of Wastewater From Super-Phosphate Industry /
_cBy Enas Mohamed Ali Abou Taleb; Supervised By Prof. Dr. Amina Ali Mazhr, Prof. Dr. Sohair. I. Abou Elea, Prof.Dr. Hamdi Ibranim Ali.
246 1 5 _aمعالجة المخلفات الصناعية الناتجة عن صناعة السوبر فوسفات /
264 0 _c1994.
300 _a124 pages :
_billustrations ;
_c30 cm. +
336 _2rda content
_atext
337 _2rdamedia
_aUnmediated
338 _2rdacarrier
_avolume
502 _aThesis (M.Sc.) -Cairo University, 1994.
504 _aBibliography: pages 121-124.
653 0 _aChemistry
700 0 _aAmina Ali Mazhr
_ethesis advisor.
700 0 _aSohair. I. Abou Elea
_ethesis advisor.
700 0 _aHamdi Ibranim Ali
_ethesis advisor.
900 _DDepartment of Chemistry
_FFaculty of Science
_UCairo University
_b1994
_cAmina Ali Mazhr
_cSohair. I. Abou Elea
_cHamdi Ibranim Ali
905 _aEman El gebaly
942 _2ddc
_cTH
_e21
_n0
999 _c180219